Discovering India Anew: (Record no. 207264)

MARC details
000 -LEADER
fixed length control field 00606nam a22001937a 4500
005 - DATE AND TIME OF LATEST TRANSACTION
control field 20241129152309.0
010 ## - LCCN (DPL NO)
LC control number ENG-142727
020 ## - INTERNATIONAL STANDARD BOOK NUMBER
International Standard Book Number 9789354427275
Terms of availability 1525.00
035 ## - SYSTEM CONTROL NUMBER
System control number EN-126259
037 ## - SOURCE OF ACQUISITION
Source of stock number/acquisition DBAD
082 ## - DEWEY DECIMAL CLASSIFICATION NUMBER
Classification number 934
Edition number 1
100 ## - MAIN ENTRY--PERSONAL NAME
Personal name Machado, Alan
245 ## - TITLE STATEMENT
Title Discovering India Anew:
Remainder of title Out of Africa to Its Early History/
Statement of responsibility, etc by Alan Machado
250 ## - EDITION STATEMENT
Edition statement 1
260 ## - PUBLICATION, DISTRIBUTION, ETC. (IMPRINT)
Place of publication, distribution, etc Telangana
Name of publisher, distributor, etc Orient Black Swan
Date of publication, distribution, etc 2024
270 ## - ADDRESS
Address 3-6-752 Himayatnagar, Hyderbad
City Telangana
Postal code 500029
Electronic mail address info@orientblackswan.com
300 ## - PHYSICAL DESCRIPTION
Extent xx,334p.
Dimensions 22cm(pb)
942 ## - ADDED ENTRY ELEMENTS (KOHA)
Source of classification or shelving scheme Dewey Decimal Classification
Item type English Books
Call number suffix MAC
Classification part 934
Holdings
Withdrawn status Lost status Not for loan Collection code Home library Current library Date acquired Source of acquisition Cost, normal purchase price Full call number Barcode Copy number Cost, replacement price Koha item type
      Non-fiction Ashok Vihar Ashok Vihar 29/11/2024 Delivery of Books Act Division 1525.00 MAC 934 EN-126259 1 1525.00 English Books

© Delhi Public Library
Hit Counter
free hit counter